00397nam a2200133 450000500170000000800410001702000180005808200170007610000270009324500970012026000200021730000100023765000160024720260602115041.0260602b |||||||| |||| 00| 0 eng d a9789401788458 a174.4bDAh-F aDahal Rendtorff, Jacob aFrench Phelosophy and Social Theory bA prespective for ethics and Philosophy of Management  bSpringer c2014 a305p. aPhelosophy